000 00394nam a2200169Ia 4500
999 _c7442
_d7442
003 0100
005 20180308142156.0
008 130303s9999 xx 000 0 und d
020 _a9178106850
040 _cARRUPELIB
050 _aDT962.2.G851986
245 2 _aA guide to Zimbabwe /
260 _aGweru
_bMambo Press
_c1986
300 _a63p. 18cm
650 _aZimbabwe
_xDescription & travel
_940358
942 _2lcc
_cMONOGRAPH